| Tag |
First Indicator |
Second Indicator |
Subfields |
| LEADER |
00000cam a2200000 a 4500 |
| 001 |
in00000029113 |
| 005 |
20151007060057.0 |
| 008 |
870813s1988 pauaf b 00110 eng |
| 010 |
|
|
|a 87024356
|
| 020 |
|
|
|a 0877225346 (alk. paper) :
|c $32.95
|
| 035 |
|
|
|a (OCoLC)16577372
|
| 035 |
|
|
|9 AAC0032AM
|
| 040 |
|
|
|a DLC
|c DLC
|d TXA
|d UtOrBLW
|
| 043 |
|
|
|a n-us-nj
|a n-us-ny
|a n-us---
|
| 049 |
|
|
|a TXAM
|c [A11507915]
|
| 050 |
0 |
0 |
|a HD5325.T42 1913
|b .P383 1988
|
| 082 |
0 |
|
|a 331.89/287739/0974924
|2 19
|
| 100 |
1 |
|
|a Golin, Steve.
|
| 245 |
1 |
4 |
|a The fragile bridge :
|b Paterson Silk Strike, 1913 /
|c Steve Golin.
|
| 264 |
|
1 |
|a Philadelphia :
|b Temple University Press,
|c 1988.
|
| 300 |
|
|
|a ix, 305 pages, 12 unnumbered pages of plates :
|b illustrations ;
|c 24 cm.
|
| 336 |
|
|
|a text
|b txt
|2 rdacontent
|
| 337 |
|
|
|a unmediated
|b n
|2 rdamedia
|
| 338 |
|
|
|a volume
|b nc
|2 rdacarrier
|
| 504 |
|
|
|a Bibliography: pages 237-295.
|
| 500 |
|
|
|a Includes index.
|
| 650 |
|
0 |
|a Silk Workers' Strike, Paterson, N.J., 1913.
|
| 610 |
2 |
0 |
|a Industrial Workers of the World
|x History
|y 20th century.
|
| 650 |
|
0 |
|a Intellectuals
|z New York (State)
|z New York
|x History
|y 20th century.
|
| 650 |
|
0 |
|a Socialism
|z United States
|x History
|y 20th century.
|
| 999 |
|
|
|a MARS
|
| 999 |
f |
f |
|s b1cc2441-65c5-3740-bc9f-48f5468ddcba
|i 62bf3c76-ea23-3f6d-b7b0-e3cd16d03b3a
|t 0
|
| 952 |
f |
f |
|p ric
|a Texas A&M University
|b Rellis Campus
|c Joint Library Facility
|d Remote Storage
|t 0
|e HD5325.T42 1913 P383 1988
|h Library of Congress classification
|i unmediated -- volume
|m A14811507915
|
| 998 |
f |
f |
|a HD5325.T42 1913 P383 1988
|t 0
|l Remote Storage
|